Tình ca cho em; T1

保存先:
書誌詳細
フォーマット: 図書
言語:Undetermined
出版事項: H. Âm Nhạc 1998
主題:
タグ: タグ追加
タグなし, このレコードへの初めてのタグを付けませんか!
Thư viện lưu trữ: Trung tâm Học liệu Trường Đại học Cần Thơ
LEADER 00393nam a2200157Ia 4500
001 CTU_53448
008 210402s9999 xx 000 0 und d
020 |b 7500 
082 |a 783.632 
082 |b Nh102/T1 
245 0 |a Tình ca cho em; T1 
260 |a H. 
260 |b Âm Nhạc 
260 |c 1998 
650 |a songs, vietnamese 
980 |a Trung tâm Học liệu Trường Đại học Cần Thơ